Score 0/15 Timer 06:00
4 Plays Today
Question Answer Wrong Answers
The record for most SOTU speeches delivered by one President is 12, delivered by this Commander in Chief: Franklin Roosevelt
90.7%
George Washington
3.7%
Abraham Lincoln
3.6%
Thomas Jefferson
1.9%
The first SOTU to be simulcast on the Internet was delivered by this President and included the famous phrase 'Axis of Evil': George W. Bush
88%
Barack Obama
3.6%
Donald Trump
2.5%
Bill Clinton
2.9%
The SOTU has been postponed twice. The first time was in this year, because of a major space program disaster on the day the speech was originally planned: 1986
75.6%
1970
5%
1967
9.4%
2003
5.3%
The second SOTU to be postponed was delayed because of a government shutdown. That speech was later delivered by this President: Donald Trump
73.7%
Bill Clinton
13%
Jimmy Carter
3%
George H.W. Bush
5.1%
The longest SOTU by word count (33,667) is also the last to have been delivered in writing, by this President, just four days before he left office, and in the midst of a hostage crisis: Jimmy Carter
72.6%
Ronald Reagan
8.5%
Gerald Ford
6%
Herbert Hoover
5.3%
At least one person from this group does not attend, a practice which was the basis for the ABC/Netflix drama 'Designated Survivor': Cabinet
70.5%
Senate
8.7%
House
8.1%
Supreme Court
7%
This President, who died of pneumonia shortly after his March inauguration, was the first to fail to deliver an address, either in person or in writing: William Henry Harrison
70.1%
Benjamin Harrison
9.7%
Warren Harding
5.8%
Zachary Taylor
7.8%
This President's SOTU was the first televised in prime time, and was also the first to mention the Vietnam War: Lyndon Johnson
63.5%
Richard Nixon
18.3%
Dwight Eisenhower
7.9%
Gerald Ford
4%
The shortest SOTU speech, 1,089 words, was given in New York by this Chief Executive: George Washington
63%
John Adams
11.8%
James Madison
8.4%
William Henry Harrison
14.5%
This Chief Executive, assassinated before his first year was up, was the second (and only other) to never deliver a SOTU: James Garfield
55.2%
Abraham Lincoln
3%
William McKinley
28.6%
John F. Kennedy
6.3%
The longest SOTU speech (by time) was delivered to the first Republican controlled Congress since 1954. It ran nearly an hour and a half and was delivered by this President: Bill Clinton
38.1%
Ronald Reagan
32.8%
George H.W. Bush
7%
Richard Nixon
21.2%
The first SOTU broadcast on radio was actually delivered in December, by this Commander in Chief, who had assumed the office only four months before: Calvin Coolidge
33.7%
Teddy Roosevelt
22%
Harry Truman
30.4%
Lyndon Johnson
6.6%
In the early parts of the nation's history, the SOTU was often delivered in writing. The 2019 speech will bring the total delivered in person to: 95
32.6%
43
15.6%
156
29.4%
202
18.7%
Several persons have given the opposition response to the SOTU and then gone on to become President themselves (three since 1966), the most recent of them is: Bill Clinton
21.1%
Barack Obama
58%
Donald Trump
4.8%
Richard Nixon
8.3%
In 2003, this number of seats was left empty to honor September 11 victims: 1
16.1%
4
4.5%
11
35.6%
2,977
38%
Remove Ads.
Support Sporcle.
Get the best of Sporcle when you Go Orange. This ad-free experience offers more features, more stats, and more fun while also helping to support Sporcle. Thank you for becoming a member.

You're not logged in!

Compare scores with friends on all Sporcle quizzes.
OR
Log In

Show Comments

Extras

Top Quizzes Today


Score Distribution

Your Account Isn't Verified!

In order to create a playlist on Sporcle, you need to verify the email address you used during registration. Go to your Sporcle Settings to finish the process.

Report this User

Report this user for behavior that violates our Community Guidelines.

Details: